000 00918nam a2200265 a 4500
001 63323
003 BD-RjUL
005 20211209081200.0
008 170129t19661908nyu b 000 0 eng d
035 _a(BD-RjUL)63452
040 _aDLC
_cDLC
_dDLC
_dBD-RjUL
_beng
041 _aeng
082 0 0 _a823.5
_223
_bCOO 1966
100 1 _aConant, Martha Pike.
_9188443
245 1 4 _aThe oriental tale in England in the eighteenth century /
_cMartha Pike Conant
260 _aNew York :
_bOctagon Books,
_c1966 [c1908]
300 _axxvi, 312 p. ;
_c19 cm.
504 _aBibliographies: p. 267-306.
650 0 _aEnglish fiction
_y18th century
_xHistory and criticism.
_9185001
650 0 _aEnglish fiction
_xOriental influences.
_9188445
651 0 _aOrient
_xIn literature.
_9188446
942 _2ddc
_cBK
999 _c63323
_d63323